Tueurs en série en image - Statistiques

Statistiques générales
  • Ce quiz a été pris 341 fois
  • Le résultat moyen est 5 sur 20
Statistiques - réponses
Par images Réponse % Correct
Jeffrey Dahmer
92%
Ted Bundy
70%
John Wayne Gacy
55%
Ed Gein
54%
Edmund Kemper
42%
Albert Fish
34%
Richard Ramirez
34%
Dennis Rader
14%
Aileen Wuornos
12%
David Berkowitz
11%
Gary Ridgway
10%
Andrei Chikatilo
7%
Richard Chase
5%
Harold Shipman
4%
Robert Pickton
4%
Luis Alfredo Garavito
2%
Arnold Corll
1%
Fritz Haarmann
1%
Joel Rifkin
1%
Thomas Neill Cream
1%
Aucun quiz correspondant
Distribution des résultats
% des personnes avec chaque résultat
Percentile par nombre de réponses
Votre historique - résultats
Vous n’avez pas pris ce quiz